000 00289 a2200145 4500
001 169476
020 _a
040 _cMagnum
100 _aBardin, Laurence
240 1 0 _aAnalise de conteudo
_lpor
245 1 0 _aAnalise de conteudo
362 0 _a1899
697 _aGERAL
942 _cBK
999 _c169476
_d169476